Normal view
MARC view
- Muhammad Murtaza Khan.
Entry Personal Name
001 - CONTROL NUMBER
- control field: 19594
003 - CONTROL NUMBER IDENTIFIER
- control field: NUST
005 - DATE AND TIME OF LATEST TRANSACTION
- control field: 20190827093329.0
008 - FIXED-LENGTH DATA ELEMENTS
- fixed length control field: 190827|| aca||aabn | a|a d
040 ## - CATALOGING SOURCE
- Original cataloging agency: NUST
- Transcribing agency: NUST
100 ## - HEADING--PERSONAL NAME
- Personal name: Muhammad Murtaza Khan.
670 ## - SOURCE DATA FOUND
- Source citation: Work cat.: (NUST): Mazhar, Aliya 19593, MULTIMEDIA COMPRESSION VIA COMPRESSION SENSING , 2013.
